| 000 | 00827nam a2200265 a 4500 | ||
|---|---|---|---|
| 003 | OSt | ||
| 005 | 20130628173219.0 | ||
| 008 | 130628s1992 sz ||||| |||| 00| 0 spa d | ||
| 020 | _a92 4 320826 8 | ||
| 040 | _cBiblioteca Medicina | ||
| 041 | _aspa | ||
| 082 | _aOMS IT 826 | ||
| 110 |
_aOrganizacion Mundial de la Salud _91006 |
||
| 245 | 0 | 0 | _aAvances recientes en salud bucodental |
| 250 | _a1° ed. | ||
| 260 |
_aGinebra _bOrganizacion Mundial de la Salud _c1992 |
||
| 300 | _a39 p. | ||
| 440 | 0 | 0 |
_aInformes Tecnicos _n826 _92476 |
| 653 | _aODONTOLOGIA PREVENTIVA-TENDENCIAS | ||
| 653 | _aCARIES DENTAL | ||
| 653 | _aENFERMEDADES DE LA BOCA | ||
| 653 | _aENFERMEDADES PERIODONTALES | ||
| 942 |
_2ddc _cPH |
||
| 999 |
_c1541 _d1541 |
||
| 952 |
_pH0060 _40 _00 _bBFM _10 _oOMS IT 826 _d2013-06-28 _tEj. 1 _8NFIC _70 _cCR _2ddc _yPH _aBFM |
||